000 00463pab a2200169 454500
008 180718b2004 xxu||||| |||| 00| 0 eng d
100 _aCarpenter, Seth B.
245 _aThe disparate labor market impacts of monetary policy
260 _c2004
300 _ap.813-30.
362 _aFall
650 _aMonetary policy
650 _aLabour market
700 _aRodgers, William M., III
773 _aJournal of Policy Analysis and Management
909 _a62679
999 _c62679
_d62679